Welcome to the show (my little pony) - lyrics - Statistics

General Stats
  • This quiz has been taken 59 times
    58 since last reset
  • The average score is 235 of 287
Answer Stats
Answer % Correct
a
97%
Welcome
97%
I
97%
is
97%
Is
97%
show
97%
the
97%
The
97%
to
97%
To
97%
We
97%
we
97%
you
97%
You
97%
you!
97%
be
94%
hear
94%
here
94%
Here
94%
know
94%
let
94%
Let
94%
now
94%
Now
94%
Our
94%
our
94%
out
94%
(out)
94%
running
94%
time
94%
We're
94%
Your
94%
your
94%
it
92%
music
92%
go
89%
(go)
89%
that
89%
That
89%
will
89%
and
86%
And
86%
down
86%
ignored
86%
It's
86%
it's
86%
of
86%
stop
86%
wont
86%
adored
83%
can
83%
got
83%
Got
83%
me
83%
Not
83%
Nothing
83%
Oh
83%
oh
83%
us
83%
want
83%
As
81%
Come
81%
come
81%
heart
81%
in
81%
make
81%
need
81%
sound
81%
stay
81%
away
78%
bring
78%
crashes
78%
my
78%
My
78%
Tell
78%
break
75%
cant
75%
crowd
75%
Dont
75%
Feel
75%
free
75%
Gonna
75%
gonna
75%
wave
75%
We'll
75%
all
72%
All
72%
fame
72%
finish
72%
for
72%
friends
72%
never
72%
on
72%
this
72%
turn
72%
wanna
72%
woah
72%
apart
69%
I've
69%
part
69%
song
69%
thing
69%
afraid
67%
am
67%
friendship
67%
have
67%
Just
67%
just
67%
name
67%
or
67%
Set
67%
set
67%
soul
67%
yeah
67%
cheering
64%
dark
64%
didnt
64%
loud
64%
one
64%
only
64%
sing
64%
You're
64%
are
61%
blow
61%
infamy
61%
reward
61%
seeking
61%
yourself
61%
hearts
58%
myself
58%
popularity
58%
singing
58%
survives
58%
bomb
56%
heed
56%
more
56%
side
56%
through
56%
together
56%
with
56%
about
53%
But
53%
dancing
53%
start
53%
store
53%
fight
50%
Get
50%
round
50%
What
50%
try
47%
light
44%
Find
42%
No matching quizzes found
Score Distribution
Percent of People with Each Score
Percentile by Number Answered
Your Score History
You have not taken this quiz since the last reset